000 00551nam a2200193Ia 4500
003 GCL
008 140319s9999 xx 000 0 ara d
040 _aGCL /
_cGCL
082 0 4 _a291.177
_bش م
100 1 _aشفيق مقار
245 1 0 _aالمسيحية والتوراه /
_cشفيق مقار
260 _a[S.N] :
_bرياض الريس للكتب والنشر ،
_c1992
300 _a471 ص
490 _a
650 0 4 _aالتوراة
650 0 4 _aالصهيونية
650 0 4 _aالمسيحية واليهودية
942 _2ddc
_cBK
999 _c55715
_d55715